000 00456cam a2200181ua 4500
020 _c1.00
041 _amal
_h
082 _a894.8122
_bTAG/CH
100 _aTagore, Rabindranath .
245 _aChitra /
_cRabindranath Tagore.
_hTextual Documents
260 _aKottayam :
_bSahitya Pravarthaka Co-operative Society ,
_c1961.
300 _a65 ; .
365 _a1.00
504 _a
942 _cBK
999 _c1089
_d1089